000 00511nam a2200181Ia 4500
005 20250508150719.0
008 008 250505s9999 xx 000 0 eng d
037 _aTextual
040 _aFEDL
_beng
_cFEDL
041 _aeng
_2eng
084 _a891.2, ARN
_qFEDL
100 _aArnold Edwin
245 0 _aBook of good counsels: From the Sanskrit of the Hitopdesa
260 _aEdinburg, UK
_b John Grant
_c1924
300 _axiv,162p
942 _cTEXL
_h891.2, ARN
999 _c1325213
_d1325213